000 00975cam a22002651 4500
001 gs 08000381
003 DLC
005 20260227111308.0
008 780829s1908 dcuafb b f000 0 eng c
010 _ags 08000381
035 _a(OCoLC)4174766
040 _aU.S. Geol. Survey. Library
_cTxU
_dOCoLC
_dDLC
050 0 0 _aQE75
_b.B9 no. 347
051 _aTN24.A4
_bW8
_cCopy 2.
100 1 _aWright, F. E.
_q(Frederic Eugene),
_d1877-1953.
245 1 4 _aThe Ketchikan and Wrangell mining districts, Alaska,
_cby Fred Eugene Wright and Charles Will Wright.
260 _aWashington,
_bGovt. Print Off.,
_c1908.
300 _a210, v p.
_billus., xii pl. (incl. maps, part fold.) diagrs.
_c24 cm.
410 2 0 _aGeological Survey (U.S.).
_tBulletin
_v347
500 _aThree folded maps in pocket.
504 _a"Literature": p. 14-15.
650 0 _aMines and mineral resources
_zAlaska.
650 0 _aGeology
_zAlaska.
700 1 _aWright, Charles Will,
_d1879-
_ejoint author.
999 _c24759
_d24759